00959nam a2200253 a 450000100060000000300090000600800410001502000150005604000280007108200180009910000270011724500410014426000320018530000110021749000680022850000910029659000470038765000440043465000300047865000150050894200120052399900170053595201530055219951CO-ViMGA141112s2004 ck r 000 u spa d a9580460043 aCO-ViMGAbspacCO-ViMGA04a070.431 M177p1 aMartini, Stella92896410aPeriodismo, noticia y noticiabilidad aBarcelona : bNorma, c2000 a133 p. aEnciclopedia Latinoaméricana de Sociocultura y comunicación aLa información como parte de la realidad social constituye la opinión pública.  aForma de adquisición : Premio Mincultura14aMEDIOS DE COMUNICACION - NOTICIA92896514aNOTICIAS - TEORIAS92896614aPERIODISMO 2ddccBK c29071d29071 00102ddc40708003aMEVIECARbMEVIECARd2015-12-04hVolumen. 1 | 11/jun/2009l0o070.431 M177p p19951r2015-12-04 00:00:00tEj. 1w2015-12-04yBK